| 000 | 00606nam a22002057a 4500 | ||
|---|---|---|---|
| 999 |
_c10323 _d10323 |
||
| 003 | AR-CdUCM | ||
| 008 | 190329b ||||| |||| 00| 0 spa d | ||
| 040 |
_aMUNICIPALIDAD PROVINCIAL DEL CUSCO _cBIBLIOTECA MUNICIPAL DEL CUSCO |
||
| 082 |
_aEP / 868.4 / _bS19 |
||
| 110 |
_aEdiciones Coquito _927123 |
||
| 245 | _aFábulas de Samaniego / | ||
| 260 |
_aLima : _bNavarrete |
||
| 300 |
_a124 páginas ; _bIlustraciones _c21cm |
||
| 440 |
_aLiteratura Infantil _927124 |
||
| 505 | _aContenido: Fábulas | ||
| 650 |
_aLiteratura _983 |
||
| 650 |
_aFábulas _94606 |
||
| 942 |
_2ddc _cLIBROS |
||
| 945 | _anom | ||